[Event "AUTO-OPEN-910"]
[Site "http://www.queenalice.com/game.php?id=308176"]
[Date "2007.11.21"]
[Round "1"]
[White "pequenomestre"]
[Black "ilestlibremax"]
[Result "1-0"]
[WhiteElo "1617"]
[BlackElo "1569"]

1. d4 d5 2. Nf3 Nf6 3. c4 e6 4. Bg5 Be7 5. e3 c6 6. Bd3 O-O 7. Qc2 Nbd7 8. Nbd2
h6 9. Bf4 Nh5 10. Bg3 Nxg3 11. hxg3 Nf6 12. c5 Bd7 13. Ne5 g6 14. Bxg6 fxg6 15.
Qxg6+ Kh8 16. Rxh6+ 1-0

[Event "AUTO-OPEN-910"]
[Site "http://www.queenalice.com/game.php?id=308177"]
[Date "2007.11.21"]
[Round "1"]
[White "ilestlibremax"]
[Black "pequenomestre"]
[Result "0-1"]
[WhiteElo "1669"]
[BlackElo "1895"]

1. Nf3 d5 2. d4 Nf6 3. c4 e6 4. Nc3 Nc6 5. a3 Be7 6. Bg5 h6 7. Bxf6 Bxf6 8. cxd5
exd5 9. e3 a6 10. Be2 O-O 11. O-O Qd6 12. h3 Bd7 13. Rc1 Rad8 14. e4 dxe4 15.
Nxe4 Qf4 16. Ng3 Nxd4 17. Nxd4 Bxd4 18. Qc2 Qxg3 19. Kh1 Qf4 0-1

[Event "AUTO-INT-696"]
[Site "http://www.queenalice.com/game.php?id=309803"]
[Date "2007.11.25"]
[Round "1"]
[White "SardeBR"]
[Black "pequenomestre"]
[Result "0-1"]
[WhiteElo "1727"]
[BlackElo "1888"]

1. Nf3 d5 2. d4 f6 3. e3 Nc6 4. Bb5 Bg4 5. Bxc6+ bxc6 6. Nbd2 e5 7. h3 Bxf3 8.
Nxf3 Bd6 9. e4 dxe4 10. dxe5 exf3 11. exd6 fxg2 12. Rg1 cxd6 13. Rxg2 Qa5+ 14.
Bd2 Qe5+ 15. Qe2 Qxe2+ 16. Kxe2 Kf7 17. Kd3 Ne7 18. Bb4 Ng6 19. Kd2 Rab8 20. Ba3
Rhe8 21. b3 Nf4 22. Rh2 Re2+ 23. Kc1 c5 24. Kd1 Rbe8 25. Bc1 Re1+ 26. Kd2 R8e2+
27. Kc3 Nd5+ 28. Kc4 Ke6 29. Bb2 Rxa1 30. Bxa1 Rxc2+ 31. Kd3 Rxa2 32. Bc3 Nxc3
33. Kxc3 d5 34. b4 cxb4+ 35. Kxb4 Kd6 36. Kb3 Re2 37. Rg2 g5 38. Kc3 Kc5 39. Kd3
Ra2 40. Rg4 h5 41. Rg1 Rxf2 42. Rc1+ Kd6 43. Rc8 Rf3+ 44. Kd4 Rxh3 45. Rd8+ Ke6
46. Rxd5 Rd3+ 47. Kxd3 Kxd5 48. Ke3 h4 49. Kf3 a5 50. Kg4 a4 0-1

[Event "AUTO-INT-696"]
[Site "http://www.queenalice.com/game.php?id=309804"]
[Date "2007.11.25"]
[Round "1"]
[White "pequenomestre"]
[Black "SardeBR"]
[Result "1-0"]
[WhiteElo "1913"]
[BlackElo "1480"]

1. d4 d5 2. Nf3 Nc6 3. c4 g6 4. Bf4 Bg7 5. cxd5 Qxd5 6. Nc3 Qd8 7. Nb5 e5 8.
dxe5 Kf8 9. Qxd8+ Nxd8 10. Nxc7 Rb8 11. e6 Bxb2 12. Rd1 Bc3+ 13. Nd2 Nc6 14.
Bd6+ Kg7 15. Ne8+ Kh6 16. exf7 Nge7 17. Rc1 Bxd2+ 18. Kxd2 Be6 19. Rxc6 Rd8 20.
Kc2 Bxf7 21. Bf4+ Kh5 22. Nf6+ Kh4 23. g3# 1-0

[Event "AUTO-INT-696"]
[Site "http://www.queenalice.com/game.php?id=309817"]
[Date "2007.11.25"]
[Round "1"]
[White "Milton"]
[Black "pequenomestre"]
[Result "0-1"]
[WhiteElo "1532"]
[BlackElo "1913"]

1. e4 c5 2. Nc3 Nc6 3. g3 Nf6 4. Bg2 e6 5. d3 d5 6. Bg5 d4 7. Na4 Qa5+ 8. c3 b5
9. b4 Qxa4 10. e5 Qxd1+ 11. Rxd1 Bd7 12. exf6 dxc3 13. bxc5 h6 14. fxg7 Bxg7 15.
Nf3 hxg5 16. Nxg5 Rb8 17. d4 Nxd4 18. Rxd4 Bxd4 19. c6 Bc8 20. c7 Rb6 21. O-O b4
22. Nf3 Bf6 23. Rd1 a5 24. Nd4 Bxd4 25. Rxd4 Ke7 26. Bh3 Rxh3 27. Rd8 c2 28.
Rxc8 Kd7 29. Rf8 Kxc7 30. Kg2 Rh7 0-1

[Event "AUTO-INT-696"]
[Site "http://www.queenalice.com/game.php?id=309818"]
[Date "2007.11.25"]
[Round "1"]
[White "pequenomestre"]
[Black "Milton"]
[Result "1-0"]
[WhiteElo "1914"]
[BlackElo "1530"]

1. d4 d5 2. Nf3 Nf6 3. Bf4 Bf5 4. e3 Nc6 5. c4 e6 6. Qb3 Na5 7. Qd1 Nxc4 8. Bxc4
dxc4 9. Qa4+ Qd7 10. Qxc4 Nd5 11. Bg3 Bb4+ 12. Nc3 b5 13. Qb3 Bxc3+ 14. bxc3 O-O
15. O-O f6 16. c4 bxc4 17. Qxc4 Rfc8 18. Nh4 Rab8 19. Nxf5 exf5 20. Rab1 Kh8 21.
Rxb8 Rxb8 22. Qa6 c6 23. Bxb8 Nc7 24. Qxa7 h6 25. Qxc7 Qd5 26. a4 g5 27. Qd6 Qb3
28. Qxf6+ Kg8 29. Qg6+ Kf8 30. Bd6# 1-0

[Event "AUTO-INT-696"]
[Site "http://www.queenalice.com/game.php?id=309825"]
[Date "2007.11.25"]
[Round "1"]
[White "MGimenes"]
[Black "pequenomestre"]
[Result "1-0"]
[WhiteElo "1859"]
[BlackElo "1915"]

1. d4 d5 2. c4 dxc4 3. e4 Nf6 4. Nc3 e5 5. d5 c6 6. Bxc4 Bb4 7. Qb3 Qe7 8. Bg5
Nbd7 9. Bxf6 Bxc3+ 10. bxc3 Nxf6 11. f3 cxd5 12. Bxd5 Nxd5 13. Qxd5 O-O 14. Ne2
Rd8 15. Qb5 Qc7 16. O-O Be6 17. a3 Rd2 18. Rfd1 Rxd1+ 19. Rxd1 Bc4 20. Qb2 Bxe2
21. Rd2 Bc4 22. Qb4 1-0

[Event "AUTO-INT-696"]
[Site "http://www.queenalice.com/game.php?id=309826"]
[Date "2007.11.25"]
[Round "1"]
[White "pequenomestre"]
[Black "MGimenes"]
[Result "0-1"]
[WhiteElo "1863"]
[BlackElo "1867"]

1. e4 e6 2. d4 d5 3. e5 c5 4. c3 Nc6 5. Nf3 f6 6. Bb5 Bd7 7. O-O cxd4 8. cxd4
Rc8 9. Nc3 a6 10. Bd3 Bb4 11. a3 Bxc3 12. bxc3 Qc7 13. Bf4 Na5 14. exf6 Qxf4 15.
fxg7 Qf6 16. gxh8=Q Qxh8 17. Ne5 Ne7 0-1

[Event "AUTO-OPEN-915"]
[Site "http://www.queenalice.com/game.php?id=310058"]
[Date "2007.11.26"]
[Round "1"]
[White "AmandaMello"]
[Black "pequenomestre"]
[Result "0-1"]
[WhiteElo "1865"]
[BlackElo "1865"]

1. e4 e5 2. Nf3 Nc6 3. Bc4 Bc5 4. c3 Nf6 5. d3 d6 6. b4 Bb6 7. a4 a5 8. b5 Ne7
9. O-O O-O 10. Bg5 Bd7 11. Qb3 Ng6 12. Nbd2 h6 13. Be3 Bxe3 14. fxe3 c6 15. Rab1
Ng4 16. Rbe1 Qe7 17. Re2 Nf6 18. Rb1 d5 19. exd5 cxd5 20. Bxd5 Nxd5 21. c4 Nf6
22. Rf1 b6 23. Ree1 e4 24. Nxe4 Nxe4 25. dxe4 Qxe4 26. Rd1 Be6 27. Rd4 Qb7 28.
Rfd1 Qc7 0-1

[Event "AUTO-OPEN-915"]
[Site "http://www.queenalice.com/game.php?id=310059"]
[Date "2007.11.26"]
[Round "1"]
[White "pequenomestre"]
[Black "AmandaMello"]
[Result "1-0"]
[WhiteElo "1853"]
[BlackElo "1827"]

1. d4 Nf6 2. c4 c5 3. e3 e6 4. Nf3 a6 5. Nc3 cxd4 6. exd4 d6 7. Bd3 Nbd7 8. O-O
Be7 9. Bf4 O-O 10. Qe2 d5 11. cxd5 Nxd5 12. Nxd5 exd5 13. Rfe1 Bb4 14. Nd2 Qh4
15. Qe3 Nf6 16. Bg3 Qh5 17. a3 Ng4 18. Qe2 Bxd2 19. Qxd2 Be6 20. h3 Nf6 21. Re5
Qh6 22. Bf4 Qh4 23. Bg5 Ne4 24. Rxe4 Qxe4 25. Bxe4 1-0

[Event "AUTO-OPEN-915"]
[Site "http://www.queenalice.com/game.php?id=310086"]
[Date "2007.11.26"]
[Round "1"]
[White "Capixaba789"]
[Black "pequenomestre"]
[Result "0-1"]
[WhiteElo "1691"]
[BlackElo "1871"]

1. e3 e5 2. Nf3 Nc6 3. Bb5 e4 4. Ng1 Qg5 5. Nc3 Qxg2 6. Bf1 Qxh1 7. Nh3 Qxh2 8.
d4 exd3 9. Qxd3 d6 10. Nf4 Ne5 11. Qe4 Nf6 12. Qa4+ Bd7 13. Qb4 O-O-O 14. Bd2
Nf3+ 15. Ke2 Nxd2 16. Kxd2 Qxf2+ 17. Be2 d5 18. Rf1 Qxf1 19. Bxf1 Bxb4 0-1

[Event "AUTO-OPEN-915"]
[Site "http://www.queenalice.com/game.php?id=310087"]
[Date "2007.11.26"]
[Round "1"]
[White "pequenomestre"]
[Black "Capixaba789"]
[Result "0-1"]
[WhiteElo "1845"]
[BlackElo "1849"]

1. e4 d6 2. d4 Nf6 3. Nc3 e6 4. Nf3 Nc6 5. Bb5 Bd7 6. O-O Be7 7. e5 Ng8 8. Bf4
Nh6 9. Bxh6 gxh6 10. d5 Nxe5 11. Nxe5 dxe5 12. dxe6 Bxb5 13. Nxb5 O-O 14. exf7+
Rxf7 15. Qg4+ Rg7 16. Qe6+ Kh8 17. Qxe5 Bf6 18. Qxc7 Rxc7 19. Nxc7 Qxc7 0-1

[Event "AUTO-OPEN-910"]
[Site "http://www.queenalice.com/game.php?id=359343"]
[Date "2008.2.23"]
[Round "2"]
[White "TheBigSid"]
[Black "pequenomestre"]
[Result "0-1"]
[WhiteElo "1980"]
[BlackElo "1868"]

1. d4 Nf6 2. c4 e6 3. Nc3 d5 4. Bg5 Be7 5. e3 h6 6. Bh4 O-O 7. Nf3 b6 8. Bd3 Bb7
9. O-O Nbd7 10. Rc1 c5 11. cxd5 Nxd5 12. Bg3 N7f6 13. Re1 Nh5 14. a3 Nxg3 15.
hxg3 Nxc3 16. bxc3 Qd7 17. Bb1 Qc6 18. Qd3 g6 19. Ne5 Qxg2# 0-1

[Event "AUTO-OPEN-910"]
[Site "http://www.queenalice.com/game.php?id=359344"]
[Date "2008.2.23"]
[Round "2"]
[White "pequenomestre"]
[Black "TheBigSid"]
[Result "1/2-1/2"]
[WhiteElo "1898"]
[BlackElo "2031"]

1. d4 d5 2. c4 e6 3. Nf3 Nf6 4. e3 c5 5. cxd5 exd5 6. Bb5+ Nc6 7. O-O Bg4 8. h3
Be6 9. Ne5 Qc7 10. Qa4 Bd7 11. Nxd7 Qxd7 12. Nc3 a6 13. Bd3 Bd6 14. dxc5 Bxc5
15. Rd1 O-O 16. b3 b5 17. Qh4 Qe6 18. Nxd5 h6 19. Nc7 Qe5 20. Bb2 Qxb2 21. Nxa8
Rxa8 22. Rac1 Ne5 23. Rc2 Qa3 24. Bf5 Bb6 25. Be4 1/2-1/2

[Event "AUTO-OPEN-910"]
[Site "http://www.queenalice.com/game.php?id=359353"]
[Date "2008.2.23"]
[Round "2"]
[White "pequenomestre"]
[Black "mauricio_sm"]
[Result "0-1"]
[WhiteElo "1903"]
[BlackElo "1797"]

1. d4 d5 2. Nf3 e6 3. c4 Nf6 4. Nc3 Bb4 5. a3 Bxc3+ 6. bxc3 Nc6 7. e3 b6 8. cxd5
Nxd5 9. e4 Nde7 10. Bd3 h6 11. O-O Bb7 12. Bb2 Qd7 13. c4 O-O-O 14. d5 exd5 15.
cxd5 Na5 16. Bxg7 Rh7 17. Bc3 Kb8 18. Bxa5 bxa5 19. Qb3 Nc8 20. Ne5 Qd6 21. Nc6+
Ka8 22. Nxa5 Nb6 23. Nxb7 Kxb7 0-1

[Event "AUTO-OPEN-910"]
[Site "http://www.queenalice.com/game.php?id=359354"]
[Date "2008.2.23"]
[Round "2"]
[White "mauricio_sm"]
[Black "pequenomestre"]
[Result "1-0"]
[WhiteElo "1843"]
[BlackElo "1883"]

1. e4 e5 2. Nf3 Nc6 3. d3 f5 4. Nc3 Bb4 5. Bd2 Nf6 6. a3 Bc5 7. Qe2 d6 8. g3
fxe4 9. dxe4 Bg4 10. Bg2 Nd4 11. Qd3 Nxf3+ 12. Bxf3 O-O 13. Nd5 Bxf3 14. Qxf3
Bxf2+ 15. Qxf2 Nxd5 16. Qe2 Ne7 17. Bg5 h6 18. Be3 Qd7 19. O-O-O Qa4 20. Qg4 Nf5
21. Bd2 Nd4 22. Kb1 1-0

[Event "AUTO-OPEN-910"]
[Site "http://www.queenalice.com/game.php?id=359355"]
[Date "2008.2.23"]
[Round "2"]
[White "pequenomestre"]
[Black "Ednilson_Aioria"]
[Result "0-1"]
[WhiteElo "1870"]
[BlackElo "2003"]

1. d4 Nf6 2. c4 e6 3. Nf3 c5 4. e3 d5 5. cxd5 exd5 6. Bb5+ Bd7 7. Bxd7+ Nbxd7 8.
dxc5 Nxc5 9. O-O Bd6 10. b3 Nce4 11. Nbd2 Ng4 12. Bb2 Nexf2 13. Rxf2 Nxf2 14.
Kxf2 O-O 15. Nf1 Be7 16. Qd2 Rc8 17. Rd1 Qc7 18. Qd4 Bf6 19. Qd2 Bxb2 20. Qxb2
Qc2+ 21. Qxc2 Rxc2+ 22. Rd2 Rfc8 23. Nd4 Rxd2+ 24. Nxd2 Kf8 25. g4 Rc1 26. N2f3
Ke7 0-1

[Event "AUTO-OPEN-910"]
[Site "http://www.queenalice.com/game.php?id=359356"]
[Date "2008.2.23"]
[Round "2"]
[White "Ednilson_Aioria"]
[Black "pequenomestre"]
[Result "1-0"]
[WhiteElo "1996"]
[BlackElo "1881"]

1. e4 c5 2. Nf3 Nc6 3. d4 cxd4 4. Nxd4 e5 5. Nb5 a6 6. Nd6+ Bxd6 7. Qxd6 Qe7 8.
Qd1 Nf6 9. Nc3 O-O 10. Be3 b5 11. a4 Bb7 12. axb5 axb5 13. Rxa8 Rxa8 14. f3 Qb4
15. Qc1 Rc8 16. Bxb5 d5 17. Bxc6 Bxc6 18. Bd2 Qb6 19. exd5 Nxd5 20. Nxd5 Bxd5
21. Bc3 Bb7 22. Rf1 Rd8 23. Rf2 Ba6 24. g3 Qc5 25. h4 1-0